000 00289nam a2200145Ia 4500
100 _aGULATI/P.
942 _cBK
366 _f20
245 _aSOCIAL STUDIES.
260 _bTata McGrawhill
_aNew Delhi
082 _a362.85/GUL
_bGUL
300 _a186
546 _aENGLISH
999 _c23910
_d23910